Ossip Zadkine
| Titel: | Ossip Zadkine : 1890-1967 |
|---|---|
| Körperschaft: | |
| Veröffentlicht: | Frankurt am Main : Galerie Ebel, [handschriftlich: 1982; nach 1978] |
| Umfang: | 12 Tafeln im Schuber : Illustrationen |
| Format: | Buch |
| Sprache: | Deutsch |
X
alg: 49215256 001A $03004:22-03-22 001B $03004:30-03-22 $t11:40:14.000 001D $03004:22-03-22 001U $0utf8 001X $00 002@ $0Aau 002C $aText $btxt $2rdacontent 002D $aohne Hilfsmittel zu benutzen $bn $2rdamedia 002E $aBand $bnc $2rdacarrier 003@ $049215256X 003O $01304835775 $aOCoLC 007A $049215256X $aHEB 010@ $ager 010E $erda 011@ $a1982 $n[handschriftlich: 1982; nach 1978] 021A $aOssip Zadkine $d1890-1967 029F $BHerausgeber $#Ebel, Galerie Frankfurt, Main $4edt $72070849-X $8Galerie Ebel$gFrankfurt, Main [Tb1] $9043175368 033A $pFrankurt am Main $nGalerie Ebel 034D $a12 Tafeln im Schuber 034M $aIllustrationen 044K $#Zadkine, Osip $7118636057 $8Zadkine, Ossip$Z1888-1967 [Tp1] $9086976990 044K $RWeißrussische SSR $#Belarus $#Weißrussland $#Беларусь $#Weißrussland $#Belorussland $#Belaja Rusʹ $#Respublika Belarusʹ $#Republic of Belarus $#Republic Belarus $#République du Bélarus $#Republik Weißrußland $#Ruthènie-Blanche $#Belarusʹ $74079143-9 $8Belarus [Tg1] $9085224537 044K $RBildhauer $#Sculpture $#Sculpture $#Bildhauerkunst $#Bildwerk $#Skulptur $#Plastiken $#Skulpturen $74046277-8 $8Plastik [Ts1] $908512933X 044K $RGemälde $RMalen $#Painting $#Peinture $#Holztafelmalerei $#Tafelbild Malerei $#Tafelmalerei $74037220-0 $8Malerei [Ts1] $9085101273 045F $a709.4780904 $eDDC23BSB 045F/01 $a709 045F/03 $f0904 045F/03 $g478 lok: 49215256 24 exp: 49215256 24 1 #EPN 201B/01 $011-05-22 $t09:36:49.000 201C/01 $022-03-22 201U/01 $0utf8 203@/01 $01187084980 208@/01 $a11-05-22 $bz 209A/01 $aS 36686 $du $f050 $hS 36686 $x00 209C/01 $a22.02264 T $h22 02264 T 209G/01 $a74614973 $x00 220C/01 $ahae 247C/01 $8358050-7Marburg, Bibliothek des Herder-Instituts Marburg $9102600961
| LEADER | 00000cam a2200000 c 4500 | ||
|---|---|---|---|
| 001 | 49215256X | ||
| 003 | DE-603 | ||
| 005 | 20220330114014.0 | ||
| 007 | tu | ||
| 008 | 220322s1982 xx |||| | u00||u|ger c | ||
| 035 | |a (DE-599)HEB49215256X | ||
| 035 | |a (OCoLC)1304835775 | ||
| 040 | |a DE-603 |b ger |c DE-603 |d DE-603 |e rda | ||
| 041 | |a ger | ||
| 082 | 0 | 4 | |8 1\u |a 709.4780904 |q DE-101 |2 23/BSB |
| 085 | |8 1\u |b 709 | ||
| 085 | |8 1\u |z 1 |s 0904 | ||
| 085 | |8 1\u |z 2 |s 478 | ||
| 245 | 0 | 0 | |a Ossip Zadkine |b 1890-1967 |
| 264 | 1 | |a Frankurt am Main |b Galerie Ebel |c [handschriftlich: 1982; nach 1978] | |
| 300 | |a 12 Tafeln im Schuber |b Illustrationen | ||
| 336 | |a Text |b txt |2 rdacontent | ||
| 337 | |a ohne Hilfsmittel zu benutzen |b n |2 rdamedia | ||
| 338 | |a Band |b nc |2 rdacarrier | ||
| 600 | 1 | 7 | |a Zadkine, Ossip |d 1888-1967 |0 (DE-588)118636057 |0 (DE-603)086976990 |2 gnd |
| 650 | 7 | |a Plastik |0 (DE-588)4046277-8 |0 (DE-603)08512933X |2 gnd | |
| 650 | 7 | |a Malerei |0 (DE-588)4037220-0 |0 (DE-603)085101273 |2 gnd | |
| 651 | 7 | |a Belarus |0 (DE-588)4079143-9 |0 (DE-603)085224537 |2 gnd | |
| 710 | 2 | |a Galerie Ebel |g Frankfurt, Main |e Herausgeber |4 edt |0 (DE-603)043175368 |0 (DE-588)2070849-X |2 gnd | |
| 924 | 0 | |9 Mb 50 |a (DE-603)1187084980 |b DE-Mb50 |c HES |d c |g S 36686 | |


